La Economía mundial y América Latina: tendencias, problemas y desafíos /

Sábháilte in:
Sonraí bibleagrafaíochta
Príomhchruthaitheoir: Estay Reyno, Jaime
Údar corparáideach: CLACSO
Rannpháirtithe: comp
Formáid: Téacs
Foilsithe / Cruthaithe: Buenos Aires: CLACSO. Asdi
Ábhair:
Clibeanna: Cuir clib leis
Níl clibeanna ann, Bí ar an gcéad duine le clib a chur leis an taifead seo!

MARC

LEADER 00000 a a2200000 04500
001 30950
003
040
020 |a 987-1183-14-3  
090 |a 197101  |b   
100 |a Estay Reyno, Jaime  
110 |a CLACSO  
245 |a La Economía mundial y América Latina: tendencias, problemas y desafíos /  |c Jaime Estay Reyno 
260 |a Buenos Aires:   |b CLACSO. Asdi  
300 |a 411 p.  
650 |a IMPERIALISMO  
650 |a RECESION ECONOMICA  
650 |a TERRORISMO  
650 |a GUERRA  
650 |a NEOLIBERALISMO  
650 |a CONDICIONES ECONOMICAS  
700 |a comp  
999 |c 16487  |d 16487